000
00276nam a2200121 4500
999
_c
10991
_d
10991
003
OSt
005
20221107131639.0
008
221107b ||||| |||| 00| 0 eng d
100
_a
Benny Joseph
245
_a
Environmental studies
260
_b
Tata McCraw hill
942
_2
ddc